000 00447nam a2200181Ia 4500
001 17944
005 20260306171554.0
008 260306s9999||||xx |||||||||||||| ||und||
041 _aESP
082 _a658.3
_bG71
100 _aGonzález, Martín
_eAUT
245 0 _aPlaneación e integración de los recursos humanos:
_bcapital humano
260 _c2013
300 _axxi,
_c
650 _aGEN
654 _aCAN
942 _cLIB
_dJUS
_fJUS
_2ddc
_n
999 _c17944
_d17944